00731nam a22001937a 4500999001900000005001700019010001500036020002800051035001400079037001300093082001100106100002200117245006900139260003500208270010600243300002500349942002500374952013800399 c177789d17778920210303172516.0 aENG-129131 c595.00a9789-38622-1339 aEN-112663 bDBAD/PUB a530.11 aEinstein, Albert  aRelativity: The Special And The General Theory/cAlbert Einstein aNew Delhic2018bManakin Press bNew DelhiaB-300, Okhla Industrial Area, Phase-I e110020k91-11-45328300mpublisher@manakinpress.com avii+170p.c23cm(hbk) 2ddccENh530.11mEIN 001040708NFICaBL4bBL4d2021-03-03eDBAD/PUBg595.00l9m2o530.11 EINpEN-112663r2024-07-12 00:00:00s2024-07-02t1v595.00yEN